| 000 | 00599nam a2200229 u 4500 | ||
|---|---|---|---|
| 005 | 20251212063926.0 | ||
| 008 | 120315s1999 r 000 0 eng d | ||
| 020 | _a8425504503 | ||
| 035 | _aUPN01000183700 | ||
| 040 |
_aUPN _bspa _cUPN |
||
| 049 | _aCG | ||
| 050 | 4 |
_aGV1446 _bP67 1999 |
|
| 100 | 1 | _aPonce Sala, Lorenzo | |
| 245 | 1 | 0 |
_aTratado práctico de ajedrez / _cLorenzo Ponce Sala. |
| 260 |
_aBarcelona, Esp. : _bHispano Europea, _c1999. |
||
| 300 |
_a312 p. : _bil. |
||
| 440 | 0 | _aHerakles | |
| 650 | 2 |
_aAjedrez _91976 |
|
| 905 | _aLibro | ||
| 942 |
_2lcc _cLIBRO |
||
| 999 |
_c155803 _d155803 |
||